Thiết kế vi mạch CMOS VLSI : Tin học và đời sống. t.II /
Gardado en:
| Autor Principal: | |
|---|---|
| Formato: | Sách giấy |
| Idioma: | Vietnamese |
| Publicado: |
Cà Mau :
Phương đông,
2007.
|
| Những chủ đề: | |
| Các nhãn: |
Engadir etiqueta
Sen Etiquetas, Sexa o primeiro en etiquetar este rexistro!
|
| Thư viện lưu trữ: | Thư viện Trường Đại học Đà Lạt |
|---|
| LEADER | 00953nam a2200325 4500 | ||
|---|---|---|---|
| 001 | DLU110118018 | ||
| 005 | ##20110301 | ||
| 040 | # | # | |a DLU |b vie |
| 041 | # | # | |a vie |
| 044 | # | # | |a vn |
| 082 | # | # | |a 621.395 |b TO-O |
| 100 | # | # | |a Tống Văn On. |
| 245 | # | # | |a Thiết kế vi mạch CMOS VLSI : |b Tin học và đời sống. |n t.II / |c Tống Văn On. |
| 260 | # | # | |a Cà Mau : |b Phương đông, |c 2007. |
| 300 | # | # | |a 373 tr. : |b minh hoạ ; |c 24 cm. |
| 505 | # | # | |a 5. Mô phỏng mạch điện -- 6. Thiết kế mạch tổ hợp -- 7. Thiết kế mạch tuần tự -- 8. Hệ phương pháp thiết kế và công cụ. |
| 653 | # | # | |a Mạch tích hợp số |
| 653 | # | # | |a Vi mạch số |
| 923 | # | # | |a 01/2011VL |
| 990 | # | # | |a t.II |
| 991 | # | # | |a GT |
| 992 | # | # | |a 76000 |
| 994 | # | # | |a KVL |
| 900 | # | # | |a True |
| 911 | # | # | |a Đào Thị Thu Huyền |
| 925 | # | # | |a G |
| 926 | # | # | |a A |
| 927 | # | # | |a SH |
| 980 | # | # | |a Thư viện Trường Đại học Đà Lạt |